00829nam a2200157Ia 4500008004100000100002000041245002600061260003900087300000800126650001200134942001200146999001500158952016600173952016600339952016600505191201s2008 xx 000 0 und d aKARKARE, Manasi 0aApplied physics Vol 2 aN. delhibI.K. Internationalc2008 a235 aApplied 2ddccBK c6603d6603 00102ddc40708APPLIEDaPIETbPIETd2016-06-18eI.K. Internationalg125.00kTCM/2016/10403l0o621.2011 KAAp28979r2019-12-04 00:00:00v122.44w2016-06-13yBK 00102ddc40708APPLIEDaPIETbPIETd2016-06-18eI.K. Internationalg125.00kTCM/2016/10403l0o621.2011 KAAp28980r2019-12-04 00:00:00v122.44w2016-06-13yBK 00102ddc40708APPLIEDaPIETbPIETd2016-06-18eI.K. Internationalg125.00kTCM/2016/10403l0o621.2011 KAAp28981r2019-12-04 00:00:00v122.44w2016-06-13yBK